La política de la democracia /

Guardado en:
Autor Corporativo: Canal Encuentro.
Formato: Deslizar
Materias:
Etiquetas: Agregar Etiqueta
Sin Etiquetas, Sea el primero en etiquetar este registro!
LEADER 01133ngm a22003135g 4500
001 CEM.cems022917
008 130507b2009##################0###0#####d
005 20241126162133.0
245 1 0 |a La política de la democracia /  |c Canal Encuentro. 
300 |a 33'. 
500 |a En soporte VHS, consultar en ventanilla. 
505 0 |a Democracia: Alfonsín. La CONADEP. Juicio a las Juntas. Semana Santa. Ley de obediencia debida y punto final. La tablita. Asunción de Menem. Los indultos. Reforma del Estado. Convertibilidad. Privatizaciones. La corrupción. 
538 |a Soporte: VHS - Norma: Pal N - Color: Si - Grabación DRD 2009 - Hitachi=1700. 
110 2 |a Canal Encuentro. 
082 9 8 |/ DIC 
653 |a HISTORIA ARGENTINA 
653 |a POLITICA 
653 |a DEMOCRACIA 
653 |a ALFONSIN 
653 |a CONADEP 
653 |a SEMANA SANTA '87 
653 |a OBEDIENCIA DEBIDA 
653 |a PUNTO FINAL 
653 |a MENEM 
653 |a INDULTOS 
653 |a CONVERTIBILIDAD 
653 |a NIVEL PRIMARIO 
653 |a NIVEL SECUNDARIO 
859 |a CEMS  |b BIB. CEMS - Depto. Recursos Didacticos  |h 982  |i DIC  |k DRD  |p 1560.12  |t Ej.1